Dragon Ball de A à Z - Statistiques

Statistiques générales
  • Ce quiz a été pris 241 fois
  • Le résultat moyen est 17 sur 26
Statistiques - réponses
Lettre Indice Réponse % Correct
B Dieu de la destruction de l'univers 7 Beerus
96%
N Planète où Freezer et Goku s'affronteront pour la première fois Namek
94%
C Créature cyborg crée par le Dr.Gero à partir de cellules de Goku, Vegeta, Piccolo, Freezer et du Roi Cold Cell
92%
J Couleur des cheuveux des Super saiyans Jaune
89%
Y Premier petit-ami de Bulma Yamcha
88%
A Atmosphère qui entoure un être, démontre son niveau de puissance Aura
86%
K Énergie spirituelle parcourant tout les êtres vivants Ki
86%
H Great Saiyaman en est un Héro
83%
G Technique emmagasinant l’énergie des êtres vivants Genkidama
81%
W Ange guide assigné à l'univers 7 Whis
79%
Z Être suprême Zen'ô
79%
D Démon aux ordres de Babidi dans la saga Boo Dabra
78%
S Grand-père adoptif de Son Goku Son Gohan
78%
F Équivalent de Freezer dans l'univers 6 Frost
75%
O Cochon capable de se métamorphoser Oolong
75%
E Roi décidant du sort de chaque âme défunte Enma
73%
L Femme changeant d'apparence et de personnalité à chaque éternuement Lunch
61%
U Forme la plus puissante de Son Gohan dans la saga Boo Ultime
57%
P Compagnon fidèle de Yamcha dans la saga Dragon Ball, d'apparence féline Plume
56%
M Race originaire du royaume des démons Majin
52%
T Peuple cohabitant avec les saiyans puis exterminé par ceux-ci Tsuful
37%
Q Dragon Ball fétiche de Son Goku Quatre étoiles
34%
X Titre désignant les membres de la police du temps Xeno
30%
R Membre du commando Ginyû Reacum
28%
I Se change en bleu lors d'une transformation en super saiyan Iris
26%
V Fusion métamol ratée entre goku et végéta Vekû
26%
Aucun quiz correspondant
Distribution des résultats
% des personnes avec chaque résultat
Percentile par nombre de réponses
Votre historique - résultats
Vous n’avez pas pris ce quiz